• 首页
  • 本馆介绍
  • 公告通知
  • 最新文献
  • 馆藏检索
  • 电子资源
  • 读者导购
  • 参考咨询
  • 我的图书馆
  • 登录
  • 详细信息显示
  • 放入我的书架
  • 预约/预借图书
  • 作者相关作品
  • 分类相关作品
  • 丛书相关作品
  • 出版社相关作品

书目信息

  • 表格格式
  • 工作单格式
  • 卡片格式
题名:
中国官僚政治研究
    
 
作者: 王亚南 著
分册:  
出版信息: 北京   中国社会科学出版社  1981
页数: 200页
开本: 21cm
丛书名:
单 册:
中图分类: D69
科图分类:
主题词: 政治制度--历史--中国
电子资源:
ISBN:
000 00831nam0 2200241 45
001 0181002443
005 20050622112839.8
010    @dCNY0.77
091    @a3199.022
100    @a19950612d1981 kemy0chiy0121 ea
101 0  @achi
102    @aCN@b110000
105    @ay z 000yy
200 10 @a中国官僚政治研究@Azhong guo guan liao zheng zhi yan jiu@e中国官僚政治之经济的历史的解析@EZhong Guo Guan Liao Zheng Zhi Zhi Jing Ji De Li Shi DeJie Xi@f王亚南著@FWang Ya Nan Zhu
210    @a北京@c中国社会科学出版社@d1981
215    @a200页@d21cm
517    @a中国官僚政治之经济的历史的解析@AZhong Guo Guan Liao Zheng Zhi Zhi JingJi De Li Shi De Jie Xi
606    @a政治制度@x历史@y中国
690    @aD69@v3
701  0 @a王亚南@4著
801  0 @aCN@b上海图书馆@c20040424
801  2 @aCN@bNLC@c20040424
905    @dD69@e11@f1@b211744
    
    中国官僚政治研究:中国官僚政治之经济的历史的解析/王亚南著.-北京:中国社会科学出版社,1981
    200页;21cm
    
    
    ISBN :CNY0.77
    
●
相关链接 在E读中查询图书 在五车中查询图书 在当当中查询图书 在豆瓣中查询图书


正题名:中国官僚政治研究     索取号:D69/11         预约/预借

序号 登录号 条形码 馆藏地/架位号 状态 备注
1 0054281   001009223   密集书库/ [索取号:D69/11] 在馆    
2 0054283   001009241   第一借阅区/ [索取号:D69/11] 在馆    
3 0211741   000383588   密集书库/ [索取号:D69/11] 在馆    
4 0211742   001009232   密集书库/ [索取号:D69/11] 在馆    
5 0211743   001009250   第一借阅区/ [索取号:D69/11] 在馆    
唐山师范学院图书馆 欢迎您!
大连网信软件有限公司© 版权所有